| 000 | 01237nam a2200373 i 4500 | ||
|---|---|---|---|
| 001 | 25646 | ||
| 003 | KOSZ 005 | ||
| 005 | 20220117144133.0 | ||
| 008 | 070226s1971 pl a f 000 0 pol | ||
| 015 | _aPB 1972/1754 | ||
| 040 |
_aWA N _cWA N _dKOSZ 005/RW |
||
| 046 | _k1971 | ||
| 080 | _a621.4 | ||
| 080 | _a665.6 | ||
| 100 | 1 |
_aBernhardt, Maciej _d(1923-2017) _eAutor |
|
| 245 | 1 | 0 |
_aSilniki wielopaliwowe / _cMaciej Bernhardt. |
| 260 |
_aWarszawa : _bWydawnictwa Naukowo-Techniczne, _c1971. |
||
| 300 |
_a203, [1] strony : _bilustracje ; _c24 cm. |
||
| 336 |
_aTekst _btxt _2rdacontent |
||
| 337 |
_aBez urządzenia pośredniczącego _bn _2rdamedia |
||
| 338 |
_aWolumin _bnc _2rdacarrier |
||
| 380 | _aKsiążki | ||
| 380 | _aPublikacje naukowe | ||
| 388 | _a1901-2000 | ||
| 490 | 1 |
_aNowa Technika ; _vz. 97. |
|
| 504 | _aBibliografia na stronach 199-[204]. | ||
| 650 | 4 | _aSilniki spalinowe | |
| 650 | 4 | _aPaliwa płynne | |
| 658 | _aInżynieria i technika | ||
| 710 | 2 |
_aWydawnictwa Naukowo-Techniczne _4pbl. |
|
| 830 | 0 |
_aNT Nowa Technika _vz. 97 |
|
| 856 |
_uhttp://koha.tu.koszalin.pl/cgi-bin/koha/opac-detail.pl?biblionumber=25646 _yKatalog online BPK |
||
| 942 |
_2UKD _cKS |
||
| 999 |
_c25646 _d25646 |
||